000 00920nam a2200277 a 4500
001 000110423
003 CHAP
005 20220329144132.0
008 140827s2008 mx |rm |0|||||spa d
010 _a106885
011 _a107857
040 _cCHAP
090 _aTesis
100 1 _aMartínez Marzo, Sara
_9127932
245 1 0 _aPlan de manejo en el area forestal experimental Ing. Mario Avila Hernández "La Siberia", Texcoco (Estado de México) /
_cpor Sara Martínez Marzo.
260 _aChapingo, Méx. :
_bEl autor,
_c2008.
502 _aTesis (Ing. Agr. Esp. en Ingenieria de Montes) -- Universidad de Lleida
590 _aE5765TAJ
_b05
_c20140827
_lUCH01
_h0858
650 1 4 _aBosques
_xAdministración.
_914003
650 1 4 _aBosques
_xUtilización.
_914405
650 1 4 _aBosques
_zMéxico (Edo.).
_914419
650 1 4 _aSilvicultura sustentable.
_9106136
901 _aBK
942 _cTESIS
942 _n0
999 _c106885
_d106885